000 00605nam a2200229Ia 4500
003 OSt
005 20220925215803.0
006 a|||||r|||| 00| 0
007 ta
008 220923b |||||||| |||| 00| 0 eng d
037 _cGeneral Book
040 _aRTL
_cRTL
_beng
041 _2eng
_aeng
082 _aY7447712, J0
100 _aBower Ursula Graham
_9283573
245 0 _aNaga path
260 _aLOndon
_bJohn Murray
_c1950
300 _ax, 260p
_ccm.
650 _aIndian Society
942 _hY7447712, J0
_cGB
_2CC
999 _c569750
_d569750